000 00993nam a2200289 i 4500
003 DO-SdBNP
005 20231116095754.0
007 ta
008 211028e1998 dr a|||gr|||| 00| 0 spa d
040 _aDO-SdBNP
_bspa
_cBNPHU
_erda
082 4 _222
_bI24n
110 1 _977275
_aIglesia Católica.
_bPapa (1978-2005 : Pablo II)
245 1 0 _aNuevo Viacrucis para la nueva evangelización :
_btextos propuestos por Juan Pablo II con reflexiones para toda la familia /
250 _a3a. ed.
264 1 _aSanto Domingo :
_bMSC,
_c1998.
300 _a64 páginas
_bilustraciones
_c14 cm.
336 _2rdacontent
_atexto
_btxt
337 _2rdamedia
_asin mediación
_bn
338 _2rdacarrier
_avolumen
_bnc
490 _aNueva Evangelización
490 _aNuevos Recursos
_v2
590 _aInventariado 2023 / YL
610 0 _92406
_aIglesia Católica
_bArquidiócesis de Santo Domingo (REPÚBLICA DOMINICANA)
650 4 _9476
_aEvangelización
910 _aYLockward
942 _2ddc
_cLBS1
999 _c55515
_d55515